00269 a2200109 4500001000700000020000600007040001100013100001700024240005700041245005200098362000900150162480 a  cMagnum aRegina, Tia.10aA danca dos tangaras - o peixe de olhos de fogolpor10aA danca dos tangaras - o peixe de olhos de fogo0 a1899